000 00437nam a2200169Ia 4500
008 131103s9999 xx 000 0 und d
040 _aLoreto College
041 _aEnglish
082 _aREF
_bLCBED/7164
100 _aCartwright, A.P.
245 _aThis is South Africa
_cA.P.Cartwright
260 _aCape town
_bPurnell
_c1967
300 _a81p
_c 25cm.
650 _aGeography - South Africa
850 _aLCBED/REF
942 _cBK
999 _c31270
_d81749